| 000 | 01337nam a22004097a 4500 | ||
|---|---|---|---|
| 001 | 12655167 | ||
| 003 | OSt | ||
| 005 | 20210426083118.0 | ||
| 008 | 020124s2002 nyu 000 0aeng | ||
| 010 | _a 2002020032 | ||
| 020 | _a0802117163 | ||
| 040 |
_aDLC _cDLC _dDLC _beng |
||
| 041 | 1 |
_aeng _hfre |
|
| 043 | _ae-fr--- | ||
| 050 | 0 | 0 |
_aHQ463 _b.M4413 2002 |
| 080 |
_a92 _bM-70 |
||
| 082 | 0 | 0 |
_a306.7/082 _221 |
| 100 | 1 | _aMillet, Catherine. | |
| 240 | 1 | 0 |
_aVie sexuelle de Catherine M. _lEnglish |
| 245 | 1 | 4 |
_aThe sexual life of Catherine M. / _cCatherine Millet ; translated from the French by Adriana Hunter. _b/ by: Grove Press |
| 250 | _a1st edition | ||
| 260 |
_aNew York _bGrove Press _cc2002. |
||
| 300 |
_a209 p. _c22 cm. |
||
| 365 | _b23 usd | ||
| 600 | 1 | 0 | _aMillet, Catherine. |
| 650 | 0 | _aErotic literature. | |
| 650 | 0 |
_aBiography _9237 |
|
| 650 | 0 |
_aWomen _xSexual behavior _vCase studies. |
|
| 650 | 0 |
_aWomen _zFrance _zParis _vBiography. |
|
| 650 | 0 |
_aWomen art critics _zFrance _zParis _vBiography. |
|
| 650 | 0 | _aSex. | |
| 653 | _aბიოგრაფია | ||
| 700 |
_9830 _aHunter, Adriana _eTranslator |
||
| 906 |
_a7 _bcbc _corignew _d1 _eocip _f20 _gy-gencatlg |
||
| 942 |
_2udc _cBK _e1 |
||
| 999 |
_c1342 _d1342 |
||